[Event "Titled Tuesday intern op 2nd Jan"]
[Site "Chess.com INT"]
[Date "2018.01.02"]
[Round "4"]
[White "Markov, Mikhail2"]
[Black "Manion, Josh"]
[Result "1-0"]
[WhiteElo "2412"]
[BlackElo "2400"]
[PlyCount "95"]
[EventDate "2018.01.02"]
[EventType "swiss (blitz)"]
[EventRounds "10"]
[EventCountry "USA"]
[SourceTitle "EXT 2021"]
[Source "ChessBase"]
[SourceDate "2020.10.23"]
[SourceVersion "1"]
[SourceVersionDate "2020.10.23"]
[SourceQuality "1"]

1. c4 Nf6 2. Nf3 g6 3. g3 Bg7 4. Bg2 0-0 5. 0-0 d6 6. Nc3 e5 7. d4 Nbd7 8. dxe5 dxe5 9. Qc2 Re8 10. Rd1 c6 11. b3 a5 12. Ng5 Qc7 13. Nge4 Nxe4 14. Nxe4 Nf6 15. Nd6 Rd8 16. c5 Be6 17. Bb2 Ne8 18. Nxe8 Rxe8 19. Rd6 a4 20. b4 a3 21. Bc3 Red8 22. Rad1 Rxd6 23. cxd6 Qd7 24. f4 exf4 25. Bxg7 Kxg7 26. gxf4 f5 27. Qc3+ Kf7 28. Rd2 Qd8 29. b5 cxb5 30. Bxb7 Rb8 31. Bf3 Rc8 32. Qxa3 Qb6+ 33. Kg2 b4 34. Qb2 Qe3 35. d7 Rd8 36. Qxb4 Rxd7 37. Rxd7+ Bxd7 38. a4 g5 39. a5 g4 40. Bd5+ Kg7 41. Qc4 h5 42. Qd3 Qa7 43. a6 h4 44. h3 gxh3+ 45. Kxh3 Qf2 46. Qf3 Qe1 47. Qg2+ Kf6 48. Qg5# 1-0

[Event "Titled Tuesday intern op 12th Dec"]
[Site "Chess.com INT"]
[Date "2017.12.12"]
[Round "3"]
[White "Kiewra, Keaton F"]
[Black "Manion, Josh"]
[Result "1/2-1/2"]
[WhiteElo "2382"]
[BlackElo "2400"]
[PlyCount "180"]
[EventDate "2017.12.12"]
[EventType "swiss (blitz)"]
[EventRounds "10"]
[EventCountry "USA"]
[SourceTitle "EXT 2021"]
[Source "ChessBase"]
[SourceDate "2020.10.23"]
[SourceVersion "1"]
[SourceVersionDate "2020.10.23"]
[SourceQuality "1"]

1. d4 Nf6 2. Bg5 Ne4 3. Bf4 c5 4. f3 Qa5+ 5. c3 Nf6 6. d5 d6 7. e4 g6 8. Na3 Nbd7 9. Nc4 Qc7 10. a4 Bg7 11. Qd2 0-0 12. Bh6 a6 13. Bxg7 Kxg7 14. h4 h5 15. Nh3 Ne5 16. Ng5 Nxc4 17. Bxc4 Bd7 18. a5 b5 19. axb6 Qxb6 20. 0-0 Rfb8 21. Ra2 Bb5 22. Bxb5 axb5 23. Rfa1 Rxa2 24. Rxa2 Nd7 25. f4 c4+ 26. Qf2 Nc5 27. Qd4+ Kg8 28. Kh2 Na4 29. Qxb6 Rxb6 30. Kg3 Kg7 31. Kf3 Rb7 32. Ke3 Nc5 33. Nf3 Nd3 34. g3 e6 35. Kd4 Kf6 36. dxe6 fxe6 37. Ra6 Ke7 38. e5 Rd7 39. Ke3 Nxb2 40. exd6+ Rxd6 41. Ra7+ Rd7 42. Rxd7+ Kxd7 43. Ne5+ Kd6 44. Nxg6 Nd1+ 45. Kd4 Nf2 46. Ne5 Nh3 47. Nf3 Nf2 48. Ng5 Ng4 49. Ne4+ Kc6 50. Ng5 Kd6 51. Ne4+ Kc6 52. Nd2 Nf2 53. Nf3 Nh1 54. Ne5+ Kd6 55. g4 hxg4 56. Nxg4 Ng3 57. Nf6 Nf5+ 58. Ke4 Nxh4 59. Ne8+ Kc5 60. Nc7 b4 61. Na6+ Kb5 62. Nxb4 Ng2 63. Ke5 Kc5 64. Na6+ Kb6 65. Nb8 Kb5 66. Nd7 Ka4 67. Nc5+ Ka3 68. Nxe6 Kb2 69. Kd4 Kb3 70. f5 Nh4 71. f6 Nf5+ 72. Ke5 Nh6 73. Kd4 Nf5+ 74. Ke5 Nh6 75. Nd4+ Kxc3 76. Nf5 Nf7+ 77. Ke6 Ng5+ 78. Ke5 Kd3 79. Kf4 Nf7 80. Ne3 c3 81. Kf3 Ne5+ 82. Kf4 Ng6+ 83. Kf3 Ne5+ 84. Kf4 Nf7 85. Kf3 Ng5+ 86. Kf4 Ne6+ 87. Kf3 Nd4+ 88. Kf4 Ne6+ 89. Kf3 Ng5+ 90. Kf4 Ne6+ 1/2-1/2

[Event "Titled Tuesday intern op 12th Dec"]
[Site "Chess.com INT"]
[Date "2017.12.12"]
[Round "6"]
[White "Manion, Josh"]
[Black "Bordi, Kevin Claude"]
[Result "1-0"]
[WhiteElo "2400"]
[BlackElo "2282"]
[PlyCount "57"]
[EventDate "2017.12.12"]
[EventType "swiss (blitz)"]
[EventRounds "10"]
[EventCountry "USA"]
[SourceTitle "EXT 2021"]
[Source "ChessBase"]
[SourceDate "2020.10.23"]
[SourceVersion "1"]
[SourceVersionDate "2020.10.23"]
[SourceQuality "1"]

1. e4 d5 2. exd5 Qxd5 3. Nc3 Qa5 4. Nf3 Nf6 5. d4 c6 6. Bd2 Bf5 7. Bc4 e6 8. Ne5 Qb6 9. Qf3 Qxd4 10. Bf4 Nbd7 11. Nxd7 Nxd7 12. Bb3 Ne5 13. Qg3 Ng6 14. Be3 Qd6 15. f4 Be7 16. Rd1 Qc7 17. 0-0 0-0 18. Qf3 Nh4 19. Qf2 Bg6 20. g4 h5 21. h3 hxg4 22. hxg4 Rad8 23. f5 exf5 24. g5 Bh5 25. Qxh4 Bxd1 26. Nxd1 Qe5 27. Bf4 Bc5+ 28. Nf2 Qe2 29. g6 1-0

[Event "Titled Tuesday intern op 12th Dec"]
[Site "Chess.com INT"]
[Date "2017.12.12"]
[Round "9"]
[White "Manion, Josh"]
[Black "Fernandez Siles, Luis"]
[Result "1-0"]
[WhiteElo "2400"]
[BlackElo "2276"]
[PlyCount "47"]
[EventDate "2017.12.12"]
[EventType "swiss (blitz)"]
[EventRounds "10"]
[EventCountry "USA"]
[SourceTitle "EXT 2021"]
[Source "ChessBase"]
[SourceDate "2020.10.23"]
[SourceVersion "1"]
[SourceVersionDate "2020.10.23"]
[SourceQuality "1"]

1. e4 c5 2. Nf3 d6 3. c3 Nf6 4. h3 Bd7 5. Bd3 Nc6 6. 0-0 g6 7. Bc2 Bg7 8. d4 0-0 9. Re1 e5 10. Na3 Rc8 11. Nb5 Qe7 12. dxc5 dxc5 13. Qd6 Qxd6 14. Nxd6 Rc7 15. Be3 b6 16. Red1 Ne8 17. Nb5 Rb7 18. Bb3 a6 19. Nd6 Nxd6 20. Rxd6 Rd8 21. Rad1 Bf8 22. Rxc6 Bxc6 23. Rxd8 Bxe4 24. Nxe5 1-0

[Event "Titled Tuesday intern op 12th Dec"]
[Site "Chess.com INT"]
[Date "2017.12.12"]
[Round "1"]
[White "Manion, Josh"]
[Black "Mareco, Sandro"]
[Result "0-1"]
[WhiteElo "2400"]
[BlackElo "2633"]
[PlyCount "68"]
[EventDate "2017.12.12"]
[EventType "swiss (blitz)"]
[EventRounds "10"]
[EventCountry "USA"]
[SourceTitle "EXT 2021"]
[Source "ChessBase"]
[SourceDate "2020.10.23"]
[SourceVersion "1"]
[SourceVersionDate "2020.10.23"]
[SourceQuality "1"]

1. d4 Nf6 2. Nc3 d5 3. Bf4 a6 4. e3 Bf5 5. f3 Bg6 6. g4 e6 7. h4 h5 8. g5 Nfd7 9. Bd3 Bxd3 10. Qxd3 g6 11. e4 c6 12. 0-0-0 Bg7 13. Nge2 a5 14. Bd6 Nb6 15. Be5 Bxe5 16. dxe5 N8d7 17. f4 a4 18. exd5 cxd5 19. Nb5 Nc4 20. Ned4 Qb6 21. Qc3 0-0 22. b3 axb3 23. axb3 Na3 24. Nxa3 Rxa3 25. Kb2 Ra5 26. Ra1 Rc5 27. Qd3 Rfc8 28. Rh2 Qb4 29. Ra4 Qb6 30. Rd2 Kg7 31. c3 Rxc3 32. Qxc3 Rxc3 33. Kxc3 Nc5 34. Rb4 Ne4+ 0-1

[Event "Titled Tuesday intern op 12th Dec"]
[Site "Chess.com INT"]
[Date "2017.12.12"]
[Round "10"]
[White "Manion, Josh"]
[Black "Priyadharshan, Kannappan"]
[Result "0-1"]
[WhiteElo "2400"]
[BlackElo "2510"]
[PlyCount "62"]
[EventDate "2017.12.12"]
[EventType "swiss (blitz)"]
[EventRounds "10"]
[EventCountry "USA"]
[SourceTitle "EXT 2021"]
[Source "ChessBase"]
[SourceDate "2020.10.23"]
[SourceVersion "1"]
[SourceVersionDate "2020.10.23"]
[SourceQuality "1"]

1. e4 e6 2. d4 d5 3. Nc3 Nf6 4. Bg5 dxe4 5. Nxe4 Be7 6. Bxf6 gxf6 7. Nf3 f5 8. Ng3 c5 9. dxc5 Bxc5 10. Qxd8+ Kxd8 11. 0-0-0+ Ke7 12. Rd2 Rd8 13. Rxd8 Kxd8 14. Ne5 Bxf2 15. Nxf7+ Ke7 16. Ne5 Nc6 17. Nxc6+ bxc6 18. Bd3 Bd7 19. c3 Rg8 20. Kc2 h6 21. Ne2 Rxg2 22. h3 e5 23. Rf1 Be3 24. Kb3 Be6+ 25. Ka4 f4 26. a3 e4 27. Ba6 f3 28. Nd4 Bxd4 29. cxd4 Rxb2 30. Re1 Bd5 31. Bd3 f2 0-1

[Event "Titled Tuesday intern op 1st Aug"]
[Site "Chess.com INT"]
[Date "2017.08.01"]
[Round "8"]
[White "Easton, Jack R"]
[Black "Manion, Josh"]
[Result "1-0"]
[WhiteElo "2142"]
[BlackElo "2400"]
[PlyCount "129"]
[EventDate "2017.08.01"]
[EventType "swiss (blitz)"]
[EventRounds "10"]
[EventCountry "USA"]
[SourceTitle "EXT 2021"]
[Source "ChessBase"]
[SourceDate "2020.10.23"]
[SourceVersion "1"]
[SourceVersionDate "2020.10.23"]
[SourceQuality "1"]

1. d4 Nf6 2. c4 g6 3. Nc3 Bg7 4. e4 d6 5. f3 0-0 6. Be3 c5 7. dxc5 dxc5 8. Qxd8 Rxd8 9. Bxc5 Nc6 10. Nge2 Nd7 11. Ba3 e6 12. Rd1 b6 13. Nc1 Ba6 14. Nb3 Nde5 15. Rxd8+ Rxd8 16. Nb5 f5 17. exf5 gxf5 18. Be2 Nd3+ 19. Bxd3 Rxd3 20. Ke2 Rd7 21. Rd1 Rxd1 22. Kxd1 Ne5 23. Nd6 Nxc4 24. Nxc4 Bxc4 25. Kc2 Kf7 26. Nc1 a5 27. b3 Bd5 28. Nd3 e5 29. Bb2 Ke6 30. Kd2 Bh6+ 31. Ke2 e4 32. fxe4 Bxe4 33. g3 Kd5 34. Nf2 Bb1 35. Nd1 Be4 36. Nc3+ Kc5 37. Na4+ Kc6 38. Bd4 b5 39. Nc3 Bc2 40. Be3 Bg7 41. Kd2 Be4 42. Nxe4 fxe4 43. Bf4 Kd5 44. Bg5 a4 45. bxa4 bxa4 46. Ke3 Bd4+ 47. Kf4 Bc5 48. Kg4 Kd4 49. Bf6+ Kd3 50. Bd8 e3 51. Kf3 e2 52. Ba5 Be3 53. Be1 Bd2 54. Kf2 Bxe1+ 55. Kxe1 Ke3 56. g4 Kf3 57. g5 Kg2 58. h4 Kh3 59. h5 Kg4 60. g6 Kxh5 61. g7 Kh6 62. g8Q a3 63. Kxe2 Kh5 64. Kf3 Kh4 65. Qg4# 1-0

[Event "Chicago op"]
[Site "Chicago"]
[Date "1997.05.26"]
[Round "6"]
[White "Psakhis, Lev"]
[Black "Manion, Josh"]
[Result "1-0"]
[WhiteElo "2610"]
[BlackElo "2365"]
[PlyCount "93"]
[EventDate "1997.05.26"]
[EventType "swiss"]
[EventRounds "7"]
[EventCountry "USA"]
[SourceTitle "CBM 059"]
[Source "ChessBase"]
[SourceDate "1997.08.01"]
[SourceVersion "1"]
[SourceVersionDate "1997.08.01"]
[SourceQuality "1"]

1. d4 Nf6 2. c4 g6 3. Nc3 Bg7 4. e4 d6 5. Be2 0-0 6. Nf3 e5 7. 0-0 exd4 8. Nxd4 Re8 9. f3 Nc6 10. Be3 Nh5 11. Qd2 Nf4 12. Rfd1 Nxe2+ 13. Ncxe2 Bd7 14. Rac1 a6 15. b3 Ne5 16. Nc3 Rb8 17. Nde2 Be6 18. Nd5 c5 19. Bg5 f6 20. Bh6 Bxh6 21. Qxh6 Bxd5 22. Rxd5 b5 23. Qd2 Nf7 24. Ng3 bxc4 25. Rxc4 a5 26. Nf1 Rb4 27. Ne3 Qc7 28. h3 Ra8 29. Rc1 Qa7 30. Kh1 a4 31. Rd3 axb3 32. axb3 Qb7 33. Qc3 Ra3 34. Rb1 Ne5 35. Rxd6 Rbxb3 36. Rxb3 Qxb3 37. Qxc5 Nf7 38. Nd5 Nxd6 39. Qxd6 Ra7 40. Qd8+ Kg7 41. Qxf6+ Kh6 42. Ne7 Ra5 43. e5 Qb1+ 44. Kh2 Qc2 45. Ng8+ Kh5 46. h4 Qd2 47. Kh3 1-0

[Event "National op"]
[Site "Las Vegas"]
[Date "1997.??.??"]
[Round "1"]
[White "Manion, Josh"]
[Black "Schmidt, R."]
[Result "1-0"]
[WhiteElo "2425"]
[BlackElo "2070"]
[PlyCount "45"]
[EventDate "1997.08.03"]
[EventType "swiss"]
[EventRounds "6"]
[EventCountry "USA"]
[SourceTitle "CBM 058 Extra"]
[Source "ChessBase"]
[SourceDate "1997.07.29"]
[SourceVersion "1"]
[SourceVersionDate "1997.07.29"]
[SourceQuality "1"]

1. d4 Nf6 2. c4 g6 3. Nc3 Bg7 4. e4 d6 5. f3 0-0 6. Be3 Nc6 7. Nge2 a6 8. Qd2 Rb8 9. 0-0-0 b5 10. Bh6 bxc4 11. h4 e5 12. d5 Nd4 13. Nxd4 exd4 14. Bxg7 dxc3 15. Qh6 cxb2+ 16. Kb1 Re8 17. h5 Re5 18. hxg6 fxg6 19. Bxf6 Qxf6 20. Qxh7+ Kf8 21. Qxc7 Ra8 22. Bxc4 Re7 23. Qd8+ 1-0

[Event "US Class op"]
[Site "USA"]
[Date "1996.??.??"]
[Round "2"]
[White "Manion, Josh"]
[Black "Tennant, Steven Randall"]
[Result "1-0"]
[WhiteElo "2365"]
[BlackElo "2235"]
[PlyCount "75"]
[EventDate "1996.??.??"]
[EventType "swiss"]
[EventRounds "5"]
[EventCountry "USA"]
[SourceTitle "EXT 2001"]
[Source "ChessBase"]
[SourceDate "2000.11.22"]
[SourceVersion "1"]
[SourceVersionDate "2000.11.22"]
[SourceQuality "1"]

1. d4 Nf6 2. c4 g6 3. Nc3 Bg7 4. e4 d6 5. Be2 0-0 6. Nf3 e5 7. 0-0 Nc6 8. d5 Ne7 9. b4 Nh5 10. Nd2 Nf4 11. a4 f5 12. Bf3 g5 13. exf5 Nxf5 14. g3 Nd3 15. Nde4 Nxc1 16. Rxc1 Nd4 17. Bg4 Bxg4 18. Qxg4 a5 19. bxa5 Rxa5 20. Kg2 h6 21. Rh1 Qc8 22. Qxc8 Rxc8 23. h4 g4 24. h5 Nf3 25. Ra1 Kf7 26. Rhb1 b6 27. Rb5 Ra6 28. Ra2 Ke7 29. Rb1 Bf6 30. Nb5 Nd4 31. Nxd4 exd4 32. Nxf6 Kxf6 33. Rd1 Rca8 34. Rxd4 Kg5 35. Re2 Kxh5 36. Re7 Rxa4 37. Rg7 b5 38. Rf4 1-0

[Event "Chicago US Masters"]
[Site "Chicago"]
[Date "1996.??.??"]
[Round "4"]
[White "Manion, Josh"]
[Black "Tyehimba, Bem"]
[Result "1-0"]
[WhiteElo "2365"]
[BlackElo "2230"]
[PlyCount "158"]
[EventDate "1996.03.07"]
[EventType "swiss"]
[EventRounds "7"]
[EventCountry "USA"]
[SourceTitle "EXT 2019"]
[Source "ChessBase"]
[SourceDate "2018.10.10"]
[SourceVersion "1"]
[SourceVersionDate "2018.10.10"]
[SourceQuality "1"]

1. d4 Nf6 2. c4 g6 3. Nc3 Bg7 4. e4 d6 5. Be2 0-0 6. Nf3 e5 7. 0-0 exd4 8. Nxd4 Re8 9. f3 c6 10. Nb3 a5 11. Na4 d5 12. exd5 cxd5 13. c5 Nc6 14. Bb5 Be6 15. Bf4 Nd7 16. Re1 g5 17. Bg3 h5 18. Bf2 Qf6 19. Bxc6 bxc6 20. Bd4 Qg6 21. Bxg7 Qxg7 22. Qd4 Reb8 23. Rad1 Rb4 24. Qxg7+ Kxg7 25. Rd4 Rab8 26. Red1 R8b5 27. Nc3 Rxb3 28. axb3 Rxb3 29. Na4 Ne5 30. Kf2 Nc4 31. R1d3 Rb4 32. b3 Ne5 33. Rd2 Rxb3 34. Ke2 Nc4 35. Ra2 Kf6 36. h4 Ke5 37. Rd3 Rb5 38. hxg5 d4 39. Kf2 Bf5 40. Re2+ Ne3 41. Ra3 Kd5 42. Kg3 Nc4 43. Ra1 Rb3 44. Re8 Ne3 45. Rc1 Nc2 46. Kf4 Bg6 47. Nb6+ Kxc5 48. Nd7+ Kb4 49. Ne5 Kc3 50. Nxc6 a4 51. Ne5 d3 52. Rd1 Rb4+ 53. Kg3 Rd4 54. Rc8+ Kb2 55. Nc4+ Ka2 56. Nd2 a3 57. Rb8 Rb4 58. Rc8 Ne3 59. Re1 Rb2 60. Ne4 Nd5 61. Rd1 Nb4 62. Nd2 Nc2 63. Ne4 Nb4 64. Nd2 Bf5 65. Rc5 Be6 66. f4 Bb3 67. Nxb3 Kxb3 68. f5 a2 69. g6 Rb1 70. Rcc1 Rxc1 71. Rxc1 d2 72. Rf1 Kc2 73. gxf7 d1Q 74. Rxd1 Kxd1 75. f8Q a1Q 76. Qxb4 Qg7+ 77. Kf3 Qg5 78. Qd4+ Kc2 79. f6 h4 1-0

[Event "World op 23rd"]
[Site "Philadelphia"]
[Date "1995.??.??"]
[Round "8"]
[White "Ariel, Donny"]
[Black "Manion, Josh"]
[Result "0-1"]
[WhiteElo "2270"]
[BlackElo "2360"]
[PlyCount "79"]
[EventDate "1995.06.??"]
[EventType "swiss"]
[EventRounds "9"]
[EventCountry "USA"]
[SourceTitle "EXT 2000"]
[Source "ChessBase"]
[SourceDate "1999.11.16"]
[SourceVersion "1"]
[SourceVersionDate "1999.11.16"]
[SourceQuality "1"]

1. e4 c5 2. Nf3 Nc6 3. Bb5 g6 4. 0-0 Bg7 5. c3 Nf6 6. Re1 0-0 7. d4 d5 8. exd5 Qxd5 9. c4 Qd6 10. d5 Nd4 11. Nxd4 cxd4 12. Nd2 a6 13. Ba4 b5 14. Bc2 bxc4 15. Nxc4 Qc5 16. b3 Nxd5 17. Ba3 Qa7 18. Be4 Nc3 19. Qf3 Nxe4 20. Qxe4 Be6 21. Ne5 Bf6 22. Rad1 Rfc8 23. Bb2 Qc5 24. Rd2 Qa5 25. Qxd4 Qxa2 26. b4 Qa4 27. h4 Rc4 28. Qe3 Rxb4 29. Nd3 Rxb2 30. Nxb2 Qxh4 31. Red1 Kg7 32. Nd3 a5 33. Nf4 Bf5 34. Nd5 a4 35. Nxf6 Qxf6 36. Ra2 Be6 37. Raa1 Ra5 38. Rd4 a3 39. Qd2 a2 40. Qd1 0-1

[Event "World op 23rd"]
[Site "Philadelphia"]
[Date "1995.??.??"]
[Round "2"]
[White "Manion, Josh"]
[Black "Denker, Arnold Sheldon"]
[Result "0-1"]
[WhiteElo "2360"]
[BlackElo "2265"]
[PlyCount "140"]
[EventDate "1995.06.??"]
[EventType "swiss"]
[EventRounds "9"]
[EventCountry "USA"]
[SourceTitle "EXT 2000"]
[Source "ChessBase"]
[SourceDate "1999.11.16"]
[SourceVersion "1"]
[SourceVersionDate "1999.11.16"]
[SourceQuality "1"]

1. d4 Nf6 2. c4 e6 3. g3 Bb4+ 4. Bd2 Bxd2+ 5. Qxd2 0-0 6. Bg2 d6 7. Nf3 Qe7 8. Nc3 Nc6 9. 0-0 Rb8 10. Rac1 b6 11. d5 Na5 12. b3 e5 13. Ne1 Re8 14. e4 Nb7 15. b4 a5 16. a3 Bd7 17. Nd3 Ra8 18. f4 axb4 19. axb4 Ra3 20. Qb2 Raa8 21. f5 Red8 22. h4 Be8 23. Bh3 h5 24. Rc2 Ra7 25. Qc1 Rda8 26. Rg2 Ra3 27. Qb2 Bd7 28. Ne1 Qe8 29. Nc2 R3a7 30. Qc1 b5 31. Qg5 bxc4 32. g4 hxg4 33. Bxg4 Nh7 34. Qe3 f6 35. Qe2 Nd8 36. Bh5 Qe7 37. Rf3 c6 38. Qxc4 Kh8 39. Rfg3 Be8 40. Bg6 Qf8 41. Qe2 Bf7 42. Qh5 Bg8 43. Kh2 Rc8 44. dxc6 Nxc6 45. Nd5 Rb8 46. Rc3 Ne7 47. Nce3 Nxd5 48. Nxd5 Rc8 49. Qf3 Bxd5 50. exd5 Rxc3 51. Qxc3 Qb8 52. Rc2 Rb7 53. Qc8+ Nf8 54. Qxb8 Rxb8 55. Rc6 Rxb4 56. Rxd6 Rxh4+ 57. Kg3 Rd4 58. Rd8 Kg8 59. Kf2 Rf4+ 60. Ke3 Rd4 61. Ke2 Re4+ 62. Kd3 Rd4+ 63. Kc3 Rf4 64. d6 Rd4 65. Bh5 g5 66. fxg6 Kg7 67. Be2 Ne6 68. Rd7+ Kxg6 69. Bc4 Nc5 70. Rd8 Rxd6 0-1

[Event "Chicago op"]
[Site "Chicago"]
[Date "1995.??.??"]
[Round "3"]
[White "Manion, Josh"]
[Black "Karklins, Andrew"]
[Result "1-0"]
[WhiteElo "2335"]
[BlackElo "2340"]
[PlyCount "47"]
[EventDate "1995.??.??"]
[EventType "swiss"]
[EventRounds "7"]
[EventCountry "USA"]
[SourceTitle "EXT 1998"]
[Source "ChessBase"]
[SourceDate "1997.11.17"]
[SourceVersion "1"]
[SourceVersionDate "1997.11.17"]
[SourceQuality "1"]

1. d4 Nf6 2. c4 g6 3. Nc3 Bg7 4. e4 d6 5. f3 Nfd7 6. Be3 c5 7. d5 b5 8. cxb5 Ne5 9. Be2 h5 10. a4 a6 11. h3 e6 12. f4 Qh4+ 13. Kf1 Ng4 14. hxg4 Qxh1 15. dxe6 fxe6 16. Qxd6 Bf8 17. Qc7 Nd7 18. Qc6 Rb8 19. Qxe6+ Kd8 20. Rd1 hxg4 21. Bxg4 Qh7 22. Nd5 Qg8 23. Qc6 Rb7 24. Bxd7 1-0

[Event "New York op"]
[Site "Newark"]
[Date "1995.??.??"]
[Round "8"]
[White "Manion, Josh"]
[Black "Morovic Fernandez, Ivan"]
[Result "0-1"]
[WhiteElo "2335"]
[BlackElo "2575"]
[PlyCount "66"]
[EventDate "1995.04.12"]
[EventType "swiss"]
[EventRounds "9"]
[EventCountry "USA"]
[SourceTitle "CBM 047 Extra"]
[Source "ChessBase"]
[SourceDate "1995.09.01"]
[SourceVersion "1"]
[SourceVersionDate "1995.09.01"]
[SourceQuality "1"]

1. d4 d5 2. c4 c6 3. Nf3 Nf6 4. Nc3 dxc4 5. a4 Bf5 6. e3 e6 7. Bxc4 Bb4 8. 0-0 Nbd7 9. Qe2 Bg6 10. Rd1 0-0 11. Bd3 Bxd3 12. Qxd3 Qe7 13. Na2 Bd6 14. e4 e5 15. Nc3 Rad8 16. d5 Bb4 17. Bg5 Bxc3 18. Qxc3 cxd5 19. exd5 e4 20. Nd4 Qe5 21. Bxf6 Nxf6 22. Nb5 Qh5 23. d6 a6 24. Nc7 Rd7 25. b4 Rfd8 26. Qc5 Qg6 27. b5 h5 28. h3 h4 29. bxa6 bxa6 30. Rab1 e3 31. Qxe3 Rxd6 32. Qb3 Ne4 33. Nd5 Qe6 0-1

[Event "Chicago op"]
[Site "Chicago"]
[Date "1995.??.??"]
[Round "6"]
[White "Martinovsky, Eugene Simeon"]
[Black "Manion, Josh"]
[Result "1/2-1/2"]
[WhiteElo "2340"]
[BlackElo "2335"]
[PlyCount "107"]
[EventDate "1995.??.??"]
[EventType "swiss"]
[EventRounds "7"]
[EventCountry "USA"]
[SourceTitle "EXT 1998"]
[Source "ChessBase"]
[SourceDate "1997.11.17"]
[SourceVersion "1"]
[SourceVersionDate "1997.11.17"]
[SourceQuality "1"]

1. g3 g6 2. Bg2 Bg7 3. d4 d6 4. Nf3 Nf6 5. 0-0 0-0 6. Nc3 Nbd7 7. e4 e5 8. Re1 c6 9. a4 a5 10. h3 Qc7 11. Be3 Re8 12. Qd2 Nf8 13. Rad1 Be6 14. d5 cxd5 15. exd5 Bd7 16. Bf1 Rec8 17. Rc1 Be8 18. Qe2 Qd8 19. Nd2 Rxc3 20. bxc3 Nxd5 21. Qc4 Nxe3 22. Rxe3 Bc6 23. Bg2 d5 24. Qa2 e4 25. Rd1 Qb6 26. c4 d4 27. Rb3 Qc5 28. Nxe4 Qxc4 29. Nd6 Qe6 30. Nxb7 Bxg2 31. Kxg2 Rc8 32. Qb1 Qc6+ 33. Kg1 Qxa4 34. Nd6 Rd8 35. Rb6 Be5 36. Ne4 Ne6 37. Re1 Bg7 38. Rb8 Qe8 39. Nd6 Qd7 40. Qb6 Rxb8 41. Qxb8+ Bf8 42. Ne4 Qc6 43. Nf6+ Kg7 44. Qe5 Qxc2 45. Ne4+ Kg8 46. Qxa5 d3 47. Re3 Bc5 48. Qa8+ Kg7 49. Nxc5 Nxc5 50. Qa1+ Kh6 51. Qf6 d2 52. Qf4+ Kg7 53. Qd4+ Kh6 54. Qh4+ 1/2-1/2

[Event "Chicago op"]
[Site "Chicago"]
[Date "1995.??.??"]
[Round "5"]
[White "Morris, Matthew"]
[Black "Manion, Josh"]
[Result "1-0"]
[WhiteElo "2295"]
[BlackElo "2335"]
[PlyCount "91"]
[EventDate "1995.??.??"]
[EventType "swiss"]
[EventRounds "7"]
[EventCountry "USA"]
[SourceTitle "EXT 1998"]
[Source "ChessBase"]
[SourceDate "1997.11.17"]
[SourceVersion "1"]
[SourceVersionDate "1997.11.17"]
[SourceQuality "1"]

1. e4 g6 2. d4 Bg7 3. Nf3 d6 4. c3 Nd7 5. Bc4 e5 6. dxe5 dxe5 7. Ng5 Nh6 8. Bxf7+ Nxf7 9. Ne6 Qh4 10. Qa4 Bh6 11. Bxh6 Qxh6 12. 0-0 Rb8 13. Nxc7+ Kf8 14. Qxa7 Kg7 15. Na3 b6 16. Nd5 Rb7 17. Qa4 Rf8 18. Nb5 Nc5 19. Qc2 Ne6 20. a4 Bd7 21. f3 Nf4 22. Nbc7 Qg5 23. Nxf4 exf4 24. Nd5 Ne5 25. Qf2 Bc6 26. Nxb6 Nxf3+ 27. Qxf3 Rxb6 28. b4 Qe5 29. Rfe1 Ba8 30. Rad1 Re6 31. Rd7+ Rf7 32. Rxf7+ Kxf7 33. Rf1 g5 34. Qh5+ Kg7 35. Rd1 Re7 36. h4 Bxe4 37. Qxg5+ Qxg5 38. hxg5 Kg6 39. b5 Kxg5 40. a5 Kf5 41. a6 Re6 42. Rd8 Rg6 43. Rf8+ Ke5 44. Re8+ Kf5 45. Rxe4 Kxe4 46. a7 1-0

[Event "Mid America Class op"]
[Site "Chicago"]
[Date "1995.??.??"]
[Round "4"]
[White "Palatnik, Semon"]
[Black "Manion, Josh"]
[Result "1-0"]
[WhiteElo "2490"]
[BlackElo "2335"]
[PlyCount "57"]
[EventDate "1995.??.??"]
[EventType "swiss"]
[EventRounds "5"]
[EventCountry "USA"]
[SourceTitle "EXT 1998"]
[Source "ChessBase"]
[SourceDate "1997.11.17"]
[SourceVersion "1"]
[SourceVersionDate "1997.11.17"]
[SourceQuality "1"]

1. d4 Nf6 2. c4 g6 3. Nc3 Bg7 4. e4 d6 5. Be2 0-0 6. Bg5 c5 7. d5 h6 8. Bf4 e6 9. dxe6 Bxe6 10. Bxd6 Re8 11. Nf3 Nc6 12. 0-0 Qa5 13. Nd2 Nd7 14. Nb3 Qa6 15. Nb5 Nd4 16. N3xd4 cxd4 17. c5 Qc6 18. Nxd4 Qxe4 19. Nxe6 Qxe6 20. Bg4 f5 21. Bf3 Kh7 22. Bxb7 Rad8 23. Re1 Qf6 24. Rxe8 Rxe8 25. Rb1 Qd4 26. Qxd4 Bxd4 27. Bc6 Rd8 28. Bxd7 Rxd7 29. b4 1-0

[Event "Chicago op"]
[Site "Chicago"]
[Date "1995.??.??"]
[Round "2"]
[White "Yermolinsky, Alex"]
[Black "Manion, Josh"]
[Result "1-0"]
[WhiteElo "2580"]
[BlackElo "2335"]
[PlyCount "57"]
[EventDate "1995.??.??"]
[EventType "swiss"]
[EventRounds "7"]
[EventCountry "USA"]
[SourceTitle "EXT 1998"]
[Source "ChessBase"]
[SourceDate "1997.11.17"]
[SourceVersion "1"]
[SourceVersionDate "1997.11.17"]
[SourceQuality "1"]

1. e4 c5 2. Nf3 Nc6 3. d4 cxd4 4. Nxd4 e5 5. Nb5 d6 6. c4 Be7 7. N1c3 a6 8. Na3 Be6 9. Nc2 Rc8 10. Bd3 Na5 11. b3 b5 12. Ne3 bxc4 13. bxc4 Nxc4 14. Ned5 Qa5 15. 0-0 Nf6 16. Qe2 Nxd5 17. Nxd5 Bxd5 18. exd5 Qc5 19. Bh6 Qxd5 20. Qg4 Rc5 21. Qxg7 Qxd3 22. Qxh8+ Kd7 23. Rab1 Rc7 24. Rb8 Qg6 25. Qe8+ Ke6 26. Rc8 Rd7 27. Rxc4 Qxh6 28. Qc8 Qf8 29. Qxa6 1-0

[Event "USA-ch U20"]
[Site "Bloomington"]
[Date "1994.07.??"]
[Round "1"]
[White "Manion, Josh"]
[Black "Torman, Eric"]
[Result "0-1"]
[WhiteElo "2335"]
[BlackElo "2335"]
[PlyCount "102"]
[EventDate "1994.07.24"]
[EventType "tourn"]
[EventRounds "9"]
[EventCountry "USA"]
[SourceTitle "EXT 2024"]
[Source "ChessBase"]
[SourceDate "2023.10.10"]
[SourceVersion "1"]
[SourceVersionDate "2023.10.10"]
[SourceQuality "1"]

1. d4 Nf6 2. c4 g6 3. Nc3 Bg7 4. e4 d6 5. Be2 0-0 6. Nf3 e5 7. 0-0 Na6 8. Re1 c6 9. d5 Nc5 10. Bf1 cxd5 11. cxd5 a5 12. Bg5 h6 13. Bh4 g5 14. Bg3 Nh5 15. a3 f5 16. exf5 Nxg3 17. hxg3 Bxf5 18. Nd2 Bg6 19. b4 e4 20. Rc1 Bxc3 21. Rxc3 Qf6 22. Rce3 axb4 23. axb4 Qxf2+ 24. Kh2 Nd7 25. R3e2 Qd4 26. Nxe4 Qxd1 27. Rxd1 Bh5 28. Nxd6 Rxf1 29. Rxf1 Bxe2 30. Rf2 Bg4 31. Nxb7 Rb8 32. Na5 Rxb4 33. Nc6 Re4 34. Ra2 Re2 35. Ra7 Rd2 36. Kg1 Kf8 37. Ra8+ Kg7 38. Ra4 h5 39. Nd4 Nb6 40. Ra7+ Kg6 41. Ne6 Nxd5 42. Nf8+ Kf6 43. Nh7+ Kf5 44. Rg7 Ne3 45. Rxg5+ Ke6 46. Ra5 Rxg2+ 47. Kh1 Rxg3 48. Ng5+ Kd7 49. Ra7+ Kc6 50. Rh7 Bd1 51. Ne4 Bf3+ 0-1